[Event "Karlovy Vary op"]
[Site "Karlovy Vary"]
[Date "2011.05.03"]
[Round "8"]
[White "Stuska, Premysl"]
[Black "Molnar, Ladislav"]
[Result "1-0"]
[WhiteElo "1746"]
[BlackElo "1811"]
[PlyCount "83"]
[EventDate "2011.04.28"]
[EventType "swiss"]
[EventRounds "8"]
[EventCountry "CZE"]
[SourceTitle "CBM 142 Extra"]
[Source "ChessBase"]
[SourceDate "2011.06.27"]
[SourceVersion "1"]
[SourceVersionDate "2011.06.27"]
[SourceQuality "1"]

1. d4 Nf6 2. c4 e6 3. Nc3 Bb4 4. a3 Bxc3+ 5. bxc3 c5 6. Nf3 Qc7 7. e3 d6 8. Bd3 e5 9. Qc2 Nc6 10. 0-0 Bg4 11. d5 Ne7 12. Ng5 h6 13. Ne4 Nxe4 14. Bxe4 0-0 15. h3 Bh5 16. f4 f5 17. Bf3 Bxf3 18. Rxf3 e4 19. Rf2 Qd7 20. Qe2 Qe8 21. g4 g6 22. Rg2 Kh7 23. Ra2 Qf7 24. Rb2 b6 25. a4 Qf6 26. Qe1 Rg8 27. a5 Rab8 28. g5 Qf8 29. Ra2 Rb7 30. Rgb2 Qb8 31. Qh4 h5 32. Qf2 Qc7 33. Qc2 Rgb8 34. a6 Nc8 35. axb7 Rxb7 36. Qa4 a5 37. Qe8 Kg7 38. Qe6 Na7 39. Qf6+ Kh7 40. Qf8 Qg7 41. Qxg7+ Kxg7 42. Rxa5 1-0

[Event "Karlovy Vary op"]
[Site "Karlovy Vary"]
[Date "2011.05.01"]
[Round "5"]
[White "Stuska, Premysl"]
[Black "Lorencova, Vera"]
[Result "1-0"]
[WhiteElo "1746"]
[BlackElo "1994"]
[PlyCount "127"]
[EventDate "2011.04.28"]
[EventType "swiss"]
[EventRounds "8"]
[EventCountry "CZE"]
[SourceTitle "CBM 142 Extra"]
[Source "ChessBase"]
[SourceDate "2011.06.27"]
[SourceVersion "1"]
[SourceVersionDate "2011.06.27"]
[SourceQuality "1"]

1. d4 Nf6 2. c4 g6 3. Nc3 Bg7 4. e4 d6 5. Nf3 0-0 6. Bd3 Bg4 7. h3 Bxf3 8. Qxf3 Nc6 9. Be3 e5 10. d5 Ne7 11. 0-0 Nd7 12. Qe2 f5 13. f4 exf4 14. Bxf4 Nc5 15. Bg5 fxe4 16. Rxf8+ Qxf8 17. Bxe4 Bd4+ 18. Be3 Qg7 19. Bxd4 Qxd4+ 20. Kh1 Rf8 21. Bf3 Nf5 22. Kh2 Qf4+ 23. Kg1 Qd4+ 24. Kh2 Nd3 25. Rd1 Qf4+ 26. Kg1 Ne5 27. Ne4 Nh4 28. Bg4 Nxg4 29. hxg4 Qe5 30. Rf1 Qd4+ 31. Rf2 Kg7 32. Ng5 Qxf2+ 33. Qxf2 Rxf2 34. Kxf2 Kh6 35. Ne6 g5 36. Nxc7 Ng6 37. Nb5 Ne5 38. Nxd6 b6 39. b3 Kg6 40. Nc8 Nxg4+ 41. Ke2 h5 42. Nxa7 Ne5 43. Nc6 Nd7 44. Nd4 Kf6 45. a3 Ke5 46. Nf3+ Kf4 47. b4 g4 48. Nd2 h4 49. Kf2 Ke5 50. Ke3 h3 51. gxh3 gxh3 52. Nf3+ Kf5 53. Nh2 Ke5 54. a4 Kd6 55. Kd4 Kc7 56. c5 bxc5+ 57. bxc5 Nb8 58. Kc4 Nd7 59. Kb5 Nb8 60. a5 Kb7 61. Nf3 Kc7 62. a6 Kc8 63. c6 Kc7 64. a7 1-0

[Event "Karlovy Vary op"]
[Site "Karlovy Vary"]
[Date "2009.05.02"]
[Round "6"]
[White "Stuska, Premysl"]
[Black "Jenicek, Jaromir"]
[Result "0-1"]
[WhiteElo "1636"]
[BlackElo "1858"]
[PlyCount "82"]
[EventDate "2009.04.29"]
[EventType "swiss"]
[EventRounds "7"]
[EventCountry "CZE"]
[SourceTitle "CBM 130 Extra"]
[Source "ChessBase"]
[SourceDate "2009.07.02"]
[SourceVersion "2"]
[SourceVersionDate "2009.07.15"]
[SourceQuality "1"]

1. e4 d5 2. exd5 Qxd5 3. Nc3 Qd6 4. d4 Nf6 5. Be2 a6 6. Nf3 Bg4 7. h3 Bh5 8. Be3 e6 9. 0-0 Nc6 10. Qd2 Be7 11. Bf4 Qd8 12. Rfd1 Bb4 13. Qd3 Bg6 14. Qd2 0-0 15. Bg5 h6 16. Bh4 Bh5 17. Qf4 Be7 18. Bd3 Bxf3 19. Qxf3 Nxd4 20. Qxb7 a5 21. Bxf6 Bxf6 22. Qe4 g6 23. Qf4 Bg7 24. Na4 Qe7 25. c3 e5 26. Qe4 Ne6 27. Qc6 Nf4 28. Bc4 Qg5 29. Kh1 Rad8 30. Qf3 Rfe8 31. Nc5 Qe7 32. Ne4 c6 33. Qg4 Kh7 34. Qf3 Qb7 35. Nd6 Qxb2 36. Nxe8 Rxe8 37. Rab1 Qc2 38. Bb3 Qf5 39. Qg4 Qe4 40. Kh2 c5 41. g3 Qg2# 0-1